000 00847nam a2200229 a 4500
001 000023690
005 20200930022407.0
008 101220s1999 ve a r 000 0 spa d
020 _a9806444000
040 _aDO-SdBNP
_bspa
_cBNPHU
041 1 7 _aspa
_heng
_2Código de idioma MARC
082 _aNNN
_bG372d
100 1 _aGermain, Saint
_947563
240 1 0 _aThe " i am" discourses of the minute men
_lEspañol.
245 1 0 _aDiscursos del yo soy para los hombres del minuto /
_cSaint Germain ; traducción de María Olijovsk ; prólogo Rubén Cedeño.
260 _aCaracas, Venezuela :
_bRowena Victory,
_c1999.
300 _a356 p. :
_bil. , retrs. ;
_c21 cm.
534 _aTítulo original:
_tThe " i am" discourses of the minute men
700 1 _aOlijovsky, María
_etr.
_948799
700 1 _aCedeño, Rubén
_epról.
_948800
049 _aBNGR
999 _c23186
_d23186